Lei de responsabilidade fiscal comentada e anotada / (Record no. 505)

MARC details
000 -LÍDER
Campo Fixo de Controle 01161nam a2200277 a 4500
001 - NÚMERO DE CONTROLE
Campo de Controle 505
003 - IDENTIFICAÇÃO DO NÚMERO DE CONTROLE
Campo de Controle BR-CuiBMT
005 - DATA E HORA DA ÚLTIMA ATUALIZAÇÃO
Campo de Controle 20231108151114.0
008 - DADOS FIXOS
Dados Fixos 231108s2002 spba 000 0 por d
020 ## - INTERNATIONAL STANDARD BOOK NUMBER
Nº do ISBN 8574533343
040 ## - AGÊNCIA CATALOGADORA
Código da Agência Catalogadora BR-CuiBMT
Agência que transcreveu o registro BR-CuiBMT
080 ## - Nº DA CLASSIFICAÇÃO DECIMAL UNIVERSAL
Nº edição CDU 2007
Nº Class. CDU 351.72
090 ## - NÚMERO DE CHAMADA
Nº classificação 351.72
Cutter A474l
Ano/Edição 4. ed.
100 1# - ENTRADA PRINCIPAL -- AUTOR PESSOAL
Nome pessoal Alves, Benedito Antônio
245 10 - TÍTULO PRINCIPAL
Título principal Lei de responsabilidade fiscal comentada e anotada /
Indicação de responsabilidade Benedito Antônio Alves, Sebastião Edilson R. Gomes, Antônio Geraldo Affonso.
250 ## - EDIÇÃO
Edição 4. ed., rev. e aum.
260 ## - PUBLICAÇÃO, DISTRIBUIÇÃO, ETC.
Local de publicação São Paulo :
Editora Juarez de Oliveira,
Data 2002.
300 ## - DESCRIÇÃO FÍSICA
N. páginas ou volumes 329 p :
Ilustrações il. ;
Dimensões 21 cm
500 ## - NOTAS GERAIS
Notas gerais Edição acrescida de roteiro anual para cumprimento da Lei de reponsabilidade fiscal junto aos Tribunais de Contas, bem como dos textos legais: Lei n. 1.079/50, Decreto-lei n. 201/67, Lei n. 8.429/92.
650 ## - ASSUNTO TÓPICO
Cabeçalho tópico ou nome geográfico Lei de responsabilidade fiscal
Subdivisão geográfica Brasil
650 ## - ASSUNTO TÓPICO
Cabeçalho tópico ou nome geográfico Administração pública
Subdivisão geral Responsabilidade tributária
Subdivisão geográfica Brasil
650 ## - ASSUNTO TÓPICO
Cabeçalho tópico ou nome geográfico Execução orçamentária
Subdivisão de forma Legislação
Subdivisão geográfica Brasil
700 1# - ENTRADA SECUNDÁRIA -- NOME PESSOAL
Nome pessoal Affonso, Antônio Geraldo
700 1# - ENTRADA SECUNDÁRIA -- NOME PESSOAL
Nome pessoal Gomes, Sebastião Edilson Rodrigues
942 ## - ELEMENTOS DE ENTRADA ADICIONAIS (KOHA)
Fonte de classificação ou esquema de arquivamento Classificação Decimal Universal
Tipo de item do Koha Livros
Holdings
Estado: removido Estado: perdido Fonte de classificação ou esquema de arquivamento Estado: danificado Indisponível para empréstimo Localização permanente Localização atual Data de aquisição Total Checkouts Número de Chamada completo Código de barras Date last seen Número do exemplar Preço efetivo a partir de Tipo de item (Koha)
    Classificação Decimal Universal     Biblioteca da Escola Superior de Contas do TCE/MT Biblioteca da Escola Superior de Contas do TCE/MT 08/11/2023   351.72 A474l 4. ed. BIBTCEMT23110266 08/11/2023 Ex. 1 08/11/2023 Livros

Powered by Koha